000 00359nam a2200133 a 4500
005 20141022142001.0
008 100916s19uu xx 00 eng d
050 _aDVD
_bH65 2005
245 _aHorror in the East:the forgotten volunteers :
_bBurma : the forgotten war.
260 _bBBC,
_c2005.
650 _aDVD
650 _aHistory-fiction
942 _cAVM
999 _c276278
_d276278